000 00896 a2200217 4500
001 63966
005 20260521160827.0
008 260521a1976 arg spa d
003 AR-UNSa-BCEJYS
040 _aAR-UNSa-BCEJYS
_bspa
_cAR-UNSa-BCEJYS
080 _a658.012.2
_xPlanificación. Programas. Planes. Medidas de apoyo a la planificación( Administración estratégica...)
245 1 0 _aSistemas de planeamiento y control
250 _a2a. ed.
264 1 _aBuenos Aires :
_bEl Ateneo
_c1976
300 _axiv, 177 p.
_c19 cm.
505 _a1. Elección de un esquema – 2. Planeamiento estratégico y control administrativo – 3. Control operacional – 4. Manipulación de la información – 5. Contabilidad financiera – 6. Algunas conclusiones y consecuencias –
041 _aspa
942 _cBK
590 _aniveau_biblio:m niveau_hierar:0
100 1 _aAnthony, Robert N.
999 _c36444
_d36444